Welcome to the Holygrace Academy Library

Please use search bar below to get started

RAM SCION OF IKSHVAKU (Record no. 2540)

MARC details
000 -LEADER
fixed length control field 00646nam a22001457a 4500
020 ## - INTERNATIONAL STANDARD BOOK NUMBER
ISBN 9789385152146
082 ## - DEWEY DECIMAL CLASSIFICATION NUMBER
Classification number 823
Item number AMI/R
100 ## - MAIN ENTRY--AUTHOR NAME
Personal name AMISH
245 ## - TITLE STATEMENT
Title RAM SCION OF IKSHVAKU
Remainder of title RAM CHANDRA SERIES BOOK 1
260 ## - PUBLICATION, DISTRIBUTION, ETC. (IMPRINT)
Place of publication CHENNAI
Name of publisher WESTLAND IND
Year of publication 2015
300 ## - PHYSICAL DESCRIPTION
Number of Pages 354
520 ## - SUMMARY, ETC.
Summary, etc The story begins with King Dashrath of Ayodhya being defeated in a war by Lankan trader Raavan, and the birth of his son Ram. It follows through Ram's childhood and tutelage, along with the politics surrounding his ascension to the throne, and ultimately his 14-year exile, accompanied by wife Sita and brother Lakshman.
650 ## - SUBJECT ADDED ENTRY--TOPICAL TERM
Topical Term NOVEL
Geographic subdivision INDIA
942 ## - ADDED ENTRY ELEMENTS (KOHA)
Koha item type Books
Holdings
Withdrawn status Lost status Collection code Home library Current library Shelving location Date acquired Source of acquisition Cost, normal purchase price Full call number Accession Number Koha item type
    Fiction Main Library Main Library SHELF-14A -ALPHABETICAL -A--ENGLISH NOVELS & FICTIONS 16/01/2019 purchase 399.00 823 AMI/R 10440 Books